000 00546nam a2200193Ia 4500
005 20250326140846.0
008 250326s9999 xx 000 0 und d
020 _a0-13-49584-0
037 _aTextbook
040 _aFMSL
_beng
_cFMSL
041 _aeng
_2eng
084 _aX:87 N8
_qFMSL
100 _aAranda E K
_9743200
245 0 _aTeams: structure, process, culture and politics
_cAranda E K
260 _aNew Jersey
_bNew Jersey, Prentice-Hall
_c1998
300 _a176p
942 _cTB
_hX:87 N8
999 _c1287606
_d1287606